01654nam a22002177a 450000500170000000800410001702000180005804000070007604100120008308200200009510000300011524500270014525000060017226000460017830000310022436500530025552010600030865000250136870000210139370000220141420221115145738.0221115b ||||| |||| 00| 0 eng d a9788131807279 cAL aEnglish 223a005.3bVADO aKailash Vadera and others aOpen Source Technology a2 aBengalurubUniversity Science Pressc2022 aviii,173 p.bPBc24x18 cm. a5775b₹223.00c₹d₹279.00e20%f12-11-2022 aThe textbook Open Source Technology is written in a simple and easy language. It comprises five chapters i.e., Chapter 1. Introduction to Open Source Chapter 2. Principles and Open Source Methodology Chapter 3. Case Studies Chapter 4. Open Source Project Chapter 5. Open Source Ethics This textbook is intended for those who are interested in Open Source Technology. It has been designed to meet the needs of beginners as well as advanced learners who wish to deal with Open Source Technology. Salient features of the book are: The book is a little futuristic Each chapter starts with its objectives. The students know what is expected of them after they go through the chapter. Conversational and easy to understand language has been used. Diagrams and illustrations are self explanatory. The summary given at the end of each chapter helps in reviewing the whole chapter in a short time. It provides deep knowledge of Open Source Technology. This book can be used by the students of Computer Science and IT, Business Administration and Management.  aOpen source software aVADERA (Kailash) aGANDHI (Bhavyesh)